[Event "WC-2015-Q-00018"]
[Site "LSS email"]
[Date "2012.09.11"]
[Round "?"]
[White "Calugaru, Viorel"]
[Black "Kharitonov, Aleksandr Alekseevi"]
[Result "1-0"]
[WhiteElo "2377"]
[BlackElo "2137"]
[PlyCount "79"]
[EventDate "2012.09.17"]
[EventType "tourn (corr)"]
[EventRounds "10"]
[EventCountry "GER"]
[SourceTitle "Telechess CBM 167"]
[Source "ChessBase"]
[SourceDate "2015.07.13"]
[SourceVersion "1"]
[SourceVersionDate "2015.07.13"]
[SourceQuality "1"]

1. d4 d5 2. c4 dxc4 3. Nf3 Nf6 4. e3 e6 5. Bxc4 a6 6. 0-0 c5 7. a4 Nc6 8. Qe2 cxd4 9. Rd1 Be7 10. Nc3 0-0 11. Nxd4 Qc7 12. Nxc6 Qxc6 13. e4 b6 14. Be3 Bb7 15. f3 Bc5 16. Bd3 Rfd8 17. Rac1 Nd7 18. Qf2 Bf8 19. Bf1 Nc5 20. b4 Nb3 21. b5 axb5 22. axb5 Qc8 23. Rxd8 Qxd8 24. Rd1 Qc7 25. Na2 Nc5 26. Nc1 Bd6 27. g3 h6 28. Nd3 Nd7 29. Kg2 f5 30. exf5 exf5 31. Qd2 Nf6 32. Nb4 Bxb4 33. Qxb4 Qf7 34. Qd4 Kh7 35. Bc4 Qh5 36. Rf1 Ng4 37. h3 Nxe3+ 38. Qxe3 Qg6 39. Rd1 Re8 40. Qc3 1-0

[Event "WC-2015-Q-00018"]
[Site "LSS email"]
[Date "2012.09.11"]
[Round "?"]
[White "Kharitonov, Aleksandr Alekseevi"]
[Black "Cipka, Ivan"]
[Result "0-1"]
[WhiteElo "2137"]
[BlackElo "2223"]
[PlyCount "54"]
[EventDate "2012.09.17"]
[EventType "tourn (corr)"]
[EventRounds "10"]
[EventCountry "GER"]
[SourceTitle "Telechess CBM 167"]
[Source "ChessBase"]
[SourceDate "2015.07.13"]
[SourceVersion "1"]
[SourceVersionDate "2015.07.13"]
[SourceQuality "1"]

1. e4 e5 2. d4 exd4 3. Qxd4 Nc6 4. Qe3 Nf6 5. Nc3 Bb4 6. Bd2 0-0 7. 0-0-0 Re8 8. Bc4 d6 9. Nf3 Be6 10. Bxe6 Rxe6 11. Ng5 Re5 12. f3 Qe8 13. a3 Bxc3 14. Qxc3 Rc5 15. Qe3 b5 16. Qf2 b4 17. axb4 Rb5 18. h4 Rab8 19. Rhe1 Nxb4 20. Bxb4 Rxb4 21. Qxa7 Qe5 22. Kd2 h6 23. Nxf7 Kxf7 24. Qxc7+ Kg8 25. b3 Kh7 26. Re3 Rd4+ 27. Rd3 Rbb4 0-1

[Event "WC-2015-Q-00018"]
[Site "LSS email"]
[Date "2012.09.11"]
[Round "?"]
[White "Kharitonov, Aleksandr Alekseevi"]
[Black "Konstantinov, Maxim"]
[Result "0-1"]
[WhiteElo "2137"]
[BlackElo "2216"]
[PlyCount "72"]
[EventDate "2012.09.17"]
[EventType "tourn (corr)"]
[EventRounds "10"]
[EventCountry "GER"]
[SourceTitle "Telechess CBM 167"]
[Source "ChessBase"]
[SourceDate "2015.07.13"]
[SourceVersion "1"]
[SourceVersionDate "2015.07.13"]
[SourceQuality "1"]

1. e4 c5 2. d4 cxd4 3. Qxd4 Nc6 4. Qe3 Nf6 5. Nc3 d5 6. exd5 Nxd5 7. Nxd5 Qxd5 8. c4 Qe6 9. Qxe6 Bxe6 10. Nf3 g6 11. Be3 Bg7 12. 0-0-0 0-0 13. b3 b5 14. cxb5 Nb4 15. Nd4 Rac8+ 16. Kb1 Rfd8 17. Be2 Nd5 18. Rd3 Bxd4 19. Rxd4 Nc3+ 20. Kb2 Rxd4 21. Bxd4 Nxe2 22. Bxa7 Bf5 23. a4 Kf8 24. Ka3 Ke8 25. Rd1 Rc3 26. Bd4 Nxd4 27. Rxd4 Rd3 28. Rxd3 Bxd3 29. Kb4 Kd7 30. Kc5 Bc2 31. Kb4 Kc7 32. a5 g5 33. Kc3 Be4 34. g3 Bd5 35. b6+ Kc6 36. b4 Kb5 0-1

[Event "CP-2009-Q-00002"]
[Site "LSS email"]
[Date "2011.02.03"]
[Round "?"]
[White "Kharitonov, Aleksandr Alekseevi"]
[Black "Anatolyev, Stanislav"]
[Result "1-0"]
[WhiteElo "2202"]
[BlackElo "1206"]
[PlyCount "65"]
[EventDate "2011.02.05"]
[EventType "tourn (corr)"]
[EventRounds "8"]
[EventCountry "GER"]
[SourceTitle "Telechess CBM 149"]
[Source "ChessBase"]
[SourceDate "2012.07.17"]
[SourceVersion "1"]
[SourceVersionDate "2012.07.17"]
[SourceQuality "1"]

1. e4 c5 2. Nf3 g6 3. d4 Bg7 4. c3 cxd4 5. cxd4 d5 6. e5 Bg4 7. Bb5+ Nc6 8. Bxc6+ bxc6 9. Nbd2 Nh6 10. h3 Bc8 11. 0-0 0-0 12. Re1 Qb6 13. Nb3 f6 14. Qc2 Nf7 15. Bf4 Bf5 16. Qc3 g5 17. Bg3 a5 18. a4 Ra7 19. Ra3 h6 20. Nc5 Qb4 21. Qxb4 axb4 22. Rb3 Be4 23. Nd2 fxe5 24. Ndxe4 dxe4 25. dxe5 Ra5 26. Nd7 Rfa8 27. Nb6 R8a6 28. Rxb4 Nxe5 29. Bxe5 Rxe5 30. Nc4 Re6 31. a5 Bd4 32. Rb8+ Kg7 33. b4 1-0

[Event "CP-2009-Q-00002"]
[Site "LSS email"]
[Date "2011.02.03"]
[Round "?"]
[White "Kharitonov, Aleksandr Alekseevi"]
[Black "Bergmann, Michael"]
[Result "1/2-1/2"]
[WhiteElo "2202"]
[BlackElo "2441"]
[PlyCount "52"]
[EventDate "2011.02.05"]
[EventType "tourn (corr)"]
[EventRounds "8"]
[EventCountry "GER"]
[SourceTitle "Telechess CBM 149"]
[Source "ChessBase"]
[SourceDate "2012.07.17"]
[SourceVersion "1"]
[SourceVersionDate "2012.07.17"]
[SourceQuality "1"]

1. e4 c5 2. Nf3 d6 3. d4 cxd4 4. Nxd4 Nf6 5. Nc3 a6 6. Bc4 e6 7. Bb3 b5 8. 0-0 Be7 9. Qf3 Qc7 10. Qg3 0-0 11. Bh6 Ne8 12. Rad1 Bd7 13. a3 Nc6 14. Be3 Bf6 15. f4 Na5 16. Qf3 Qc8 17. Ba2 Nc4 18. Bxc4 bxc4 19. Qe2 Rb8 20. Rb1 Rb7 21. Nf3 Bxc3 22. bxc3 Rxb1 23. Rxb1 Nc7 24. Rb6 d5 25. Bd4 dxe4 26. Qxe4 f6 1/2-1/2

[Event "CP-2009-Q-00002"]
[Site "LSS email"]
[Date "2011.02.03"]
[Round "?"]
[White "Kulczycki, Michael"]
[Black "Kharitonov, Aleksandr Alekseevi"]
[Result "1/2-1/2"]
[WhiteElo "1973"]
[BlackElo "2202"]
[PlyCount "65"]
[EventDate "2011.02.05"]
[EventType "tourn (corr)"]
[EventRounds "8"]
[EventCountry "GER"]
[SourceTitle "Telechess CBM 149"]
[Source "ChessBase"]
[SourceDate "2012.07.17"]
[SourceVersion "1"]
[SourceVersionDate "2012.07.17"]
[SourceQuality "1"]

1. d4 d5 2. c4 dxc4 3. Nf3 Nf6 4. Nc3 a6 5. e4 b5 6. e5 Nd5 7. a4 Nxc3 8. bxc3 Bb7 9. e6 f6 10. Be2 g6 11. 0-0 Bg7 12. Nd2 Bd5 13. Bf3 c6 14. Ne4 0-0 15. Nc5 f5 16. axb5 cxb5 17. Bf4 b4 18. cxb4 Nc6 19. Nb7 Qb6 20. Bxd5 Qxb7 21. Rc1 Qb5 22. Bxc6 Qxc6 23. d5 Qb5 24. d6 exd6 25. e7 Rf7 26. Bxd6 Re8 27. Re1 Bb2 28. Rc2 Bf6 29. Re6 Qd7 30. Qe2 Bxe7 31. Rc1 Rf6 32. Rxe7 Rxe7 33. Bxe7 1/2-1/2

[Event "LSS WC-2012-T-00003"]
[Site "LSS email"]
[Date "2010.12.19"]
[Round "?"]
[White "Ingersol, Harry"]
[Black "Kharitonov, Aleksandr Alekseevi"]
[Result "1/2-1/2"]
[WhiteElo "2393"]
[BlackElo "2213"]
[PlyCount "44"]
[EventDate "2010.12.18"]
[EventType "tourn (corr)"]
[EventRounds "10"]
[EventCountry "GER"]
[SourceTitle "Telechess CBM 155"]
[Source "ChessBase"]
[SourceDate "2013.07.16"]
[SourceVersion "1"]
[SourceVersionDate "2013.07.16"]
[SourceQuality "1"]

1. Nf3 d5 2. d4 Nf6 3. c4 dxc4 4. e3 a6 5. Bxc4 e6 6. 0-0 c5 7. Bb3 Nc6 8. Nc3 cxd4 9. exd4 Be7 10. Bg5 h6 11. Bxf6 Bxf6 12. d5 exd5 13. Re1+ Be6 14. Bxd5 0-0 15. Bxe6 fxe6 16. Rxe6 Qxd1+ 17. Rxd1 Rad8 18. Red6 Rxd6 19. Rxd6 Nb4 20. Ne4 Bxb2 21. Rb6 Ba3 22. Rxb7 Re8 1/2-1/2

[Event "LSS WC-2012-T-00003"]
[Site "LSS email"]
[Date "2010.12.19"]
[Round "?"]
[White "Kharitonov, Aleksandr Alekseevi"]
[Black "Laghetti, Gaetano"]
[Result "0-1"]
[WhiteElo "2213"]
[BlackElo "2396"]
[PlyCount "90"]
[EventDate "2010.12.18"]
[EventType "tourn (corr)"]
[EventRounds "10"]
[EventCountry "GER"]
[SourceTitle "Telechess CBM 155"]
[Source "ChessBase"]
[SourceDate "2013.07.16"]
[SourceVersion "1"]
[SourceVersionDate "2013.07.16"]
[SourceQuality "1"]

1. d4 Nf6 2. c4 g6 3. Nc3 d5 4. cxd5 Nxd5 5. e4 Nxc3 6. bxc3 Bg7 7. Bc4 c5 8. Ne2 Nc6 9. Be3 0-0 10. 0-0 Qc7 11. Rc1 Rd8 12. Bf4 Be5 13. Bg3 Bxg3 14. fxg3 Ne5 15. Bd5 e6 16. dxe5 exd5 17. exd5 Qxe5 18. Nf4 b5 19. Re1 Qd6 20. Qe2 c4 21. Qe7 Bf5 22. Rcd1 a5 23. Rd4 h6 24. h3 Qxe7 25. Rxe7 Kf8 26. Rb7 g5 27. Ne2 Rab8 28. Rc7 Bd3 29. Nc1 Bg6 30. Ne2 Rd6 31. g4 Re8 32. Rc6 Ke7 33. Rc5 Kd7 34. Rd2 Bd3 35. Nd4 b4 36. cxb4 axb4 37. Nc6 Re1+ 38. Kh2 Rxd5 39. Rxd5+ Kxc6 40. R5xd3 cxd3 41. Rxd3 Ra1 42. Rd2 Kb5 43. Rb2 Ka4 44. Kg3 Rf1 45. h4 f6 0-1

[Event "LSS WC-2013-S-00008"]
[Site "LSS email"]
[Date "2010.07.20"]
[Round "?"]
[White "Siger, Imre Csaba"]
[Black "Kharitonov, Aleksandr Alekseevi"]
[Result "0-1"]
[WhiteElo "1790"]
[BlackElo "2207"]
[PlyCount "60"]
[EventDate "2010.07.25"]
[EventType "tourn (corr)"]
[EventRounds "10"]
[EventCountry "GER"]
[SourceTitle "Telechess CBM 149"]
[Source "ChessBase"]
[SourceDate "2012.07.17"]
[SourceVersion "1"]
[SourceVersionDate "2012.07.17"]
[SourceQuality "1"]

1. d4 d5 2. c4 dxc4 3. Nf3 a6 4. e3 Nf6 5. Bxc4 e6 6. 0-0 c5 7. Bb3 b5 8. a4 b4 9. Nbd2 Be7 10. dxc5 0-0 11. Qe2 Bb7 12. e4 Nbd7 13. e5 Nd5 14. c6 Bxc6 15. Nd4 Bb7 16. Nc4 Rc8 17. Rd1 Qc7 18. Bd2 Bc5 19. Nf3 Ne7 20. Bf4 Bd5 21. h3 h6 22. Rac1 Qa7 23. Bh2 Rc7 24. Ncd2 Rfc8 25. Ra1 Bxb3 26. Nxb3 Qa8 27. Kf1 Nf5 28. Rac1 Be7 29. Bf4 Rxc1 30. Bxc1 Nc5 0-1

[Event "LSS WC-2014-P-00026"]
[Site "LSS email"]
[Date "2010.02.18"]
[Round "?"]
[White "Kharitonov, Aleksandr Alekseevi"]
[Black "Leisner, Jon S"]
[Result "1-0"]
[WhiteElo "2170"]
[BlackElo "1521"]
[PlyCount "103"]
[EventDate "2010.02.24"]
[EventType "tourn (corr)"]
[EventRounds "6"]
[EventCountry "GER"]
[SourceTitle "Telechess CBM 145"]
[Source "Chessbase"]
[SourceDate "2011.11.11"]
[SourceVersion "1"]
[SourceVersionDate "2011.11.11"]
[SourceQuality "1"]

1. e4 e5 2. Nf3 Nc6 3. Bb5 a6 4. Ba4 Nf6 5. Qe2 Be7 6. 0-0 b5 7. Bb3 0-0 8. c3 d6 9. Rd1 Na5 10. Bc2 c5 11. d4 Qc7 12. d5 Nc4 13. b3 Nb6 14. a4 bxa4 15. bxa4 a5 16. Na3 Bg4 17. h3 Bh5 18. g4 Bg6 19. Nxe5 dxe5 20. d6 Bxd6 21. Nb5 Qe7 22. Rxd6 Rab8 23. Bg5 Rfd8 24. Bxf6 gxf6 25. Rxd8+ Rxd8 26. h4 h6 27. h5 Bh7 28. f3 Kg7 29. Rd1 Rd7 30. Kg2 Qd8 31. Rxd7 Qxd7 32. Kg3 Bg8 33. Qe3 Qe7 34. Bb3 Bh7 35. Qd2 c4 36. Bd1 Qc5 37. Kg2 Qc8 38. Qd6 Qe6 39. Qd8 Qd7 40. Qxd7 Nxd7 41. Nd6 Nc5 42. Nxc4 Nb7 43. Bb3 Kf8 44. Kf2 Bg8 45. Nb2 Nc5 46. Bc4 Ke7 47. Ke3 Kd8 48. Bb5 f5 49. exf5 f6 50. Nd3 Nb7 51. c4 Nd6 52. c5 1-0

[Event "LSS WC-2014-P-00026"]
[Site "LSS email"]
[Date "2010.02.18"]
[Round "?"]
[White "Poblete, Litos"]
[Black "Kharitonov, Aleksandr Alekseevi"]
[Result "0-1"]
[WhiteElo "1798"]
[BlackElo "2175"]
[PlyCount "62"]
[EventDate "2010.02.24"]
[EventType "tourn (corr)"]
[EventRounds "6"]
[EventCountry "GER"]
[SourceTitle "Telechess CBM 141"]
[Source "ChessBase"]
[SourceDate "2011.03.17"]
[SourceVersion "1"]
[SourceVersionDate "2011.03.17"]
[SourceQuality "1"]

1. d4 d5 2. c4 dxc4 3. Qa4+ c6 4. Qxc4 Nf6 5. Nf3 Bf5 6. Qb3 Qb6 7. Qxb6 axb6 8. a3 Na6 9. Bd2 e6 10. Nc3 b5 11. e3 Nb4 12. Rc1 Nc2+ 13. Ke2 b4 14. axb4 Na1 15. b5 Nb3 16. Rd1 Bc2 17. Re1 c5 18. Bc1 Be7 19. dxc5 Nxc5 20. Kd2 Bb3 21. Nd4 Nce4+ 22. Nxe4 Nxe4+ 23. Ke2 Bc4+ 24. Kf3 Bd5 25. Bd3 Nc5+ 26. Ke2 g6 27. f3 e5 28. Nc2 0-0-0 29. Nb4 Nxd3 30. Nxd3 Bc4 31. Rd1 Bxb5 0-1